[Event "47th GER-ch Blitz 2020"]
[Site "Magdeburg"]
[Date "2020.08.15"]
[Round "24.4"]
[White "Voege, Tobias"]
[Black "Stein, Robert"]
[Result "0-1"]
[WhiteElo "2326"]
[BlackElo "2325"]
[Annotator "TA"]
[PlyCount "130"]
[EventDate "2020.07.28"]
[EventType "tourn"]
[EventCountry "GER"]
[SourceTitle "playchess.com"]
[Source "ChessBase"]
[SourceQuality "1"]

{[%evp 18,130,0,-17,-24,-18,0,0,0,-13,0,-12,-8,-18,10,-49,-64,-74,-54,-175,7,0,0,-57,-41,-75,-69,-58,-66,-72,-51,-52,-60,-59,-70,-95,-52,-73,0,-108,-110,-131,-114,-110,-109,-143,-12,-15,64,-4,-8,-5,-1,-2,-1,-37,143,-41,0,-108,0,0,14,-38,-16,-96,0,0,0,0,0,-231,0,-1255,-1261,-29979,-29980,-29980,-29981,-29981,-29982,-29982,-29983,-29983,-29984,-29997,-29995,-29995,-29996,-29997,-29998,-29998,-29998,-29998,-29985,-29991,-29992,-29996,-29994,-29994,-29989,-29989,-29989,-29997,-29996,-29996,-29997,-29997,0,-29996,-29994,-29994,-29990,-29998,-29988]} 1. d4 d5 2. c4 e6 3. Nc3 c6 4. e4 dxe4 5. Nxe4 Bb4+ 6. Bd2 Qxd4 7. Bxb4 Qxe4+ 8. Be2 Na6 9. Bc3 {9.Bd6 is a critical line.} Ne7 10. Nf3 O-O {D31: Queen's Gambit Declined: Semi-Slav without ...Nf6 (+ Marshall Gambit and Noteboom) and Exchange Variation lines without ...Nf6.} 11. O-O Ng6 12. g3 {[#]} Qf5 $146 {The position is equal.} ({Predecessor:} 12... c5 13. h4 Qc6 14. h5 Ne7 15. h6 f6 16. hxg7 Kxg7 17. Ng5 e5 18. f4 fxg5 19. Bxe5+ {0-1 (34) Johansen,M (2220)-Palm,N (2260) Denmark 1997}) 13. Re1 Qc5 14. Rb1 Qe7 15. b4 e5 16. c5 (16. Nxe5 $11 Nxe5 17. Bd3) 16... Bf5 $15 17. Rb2 f6 18. Nd4 (18. Nd2 $15) 18... Bd7 $2 ({Black should try} 18... exd4 $19 19. Bc4+ Kh8 20. Rxe7 dxc3) 19. Bc4+ $11 Kh8 20. Bd3 (20. h4 $11 Qe8 21. b5 Nxc5 22. bxc6 bxc6 23. Rd2) 20... Nc7 21. Nf5 Bxf5 $1 22. Bxf5 Nd5 23. Bd2 Qe8 24. a4 Rd8 25. Qh5 Nde7 26. Bb1 Rd7 27. b5 Qd8 (27... f5 $17) 28. Be3 (28. Bc3 $11) 28... f5 $17 29. Bg5 e4 30. bxc6 bxc6 31. Ba2 Qe8 (31... Qa5 $17 32. Reb1 Qxc5) 32. Be6 $11 Rc7 (32... Rd3 $11) 33. Rd1 (33. Be3 $14) 33... Nd5 34. Bxd5 cxd5 35. Rxd5 Qxa4 36. Qe2 Qe8 $2 (36... h6 $15 {stays ahead.} 37. Rbd2 f4 {[%mdl 64] Decoy}) 37. Rc2 $2 (37. Rd8 $16 Qf7 38. Rbb8) 37... Ne5 {White must now prevent ...Nf3+.} 38. Kg2 (38. Bf4 $11 Nf3+ 39. Kg2) 38... Nf3 (38... Nd3 $17 39. Rd8 Qf7 40. Rxf8+ Qxf8) 39. Bf4 Qh5 40. h4 (40. h3 $11 Rc6 41. Qd1) 40... Rc6 $36 {[%mdl 2048] Hoping for ...Qg4. Black has some pressure.} 41. Rd6 (41. Qd1 $11 {keeps the balance.}) 41... Rfc8 (41... Rxd6 $17 42. Bxd6 Qg4) 42. Rxc6 $1 Rxc6 43. Qb5 {Qb8+ would kill now.} Rc8 {[#] Strongly threatening ...Ne1+.} 44. Rb2 $2 {[#] Black continues to play with concentration.} (44. Qd7 $1 $11 {[%mdl 512] and White stays safe.} Rg8 45. Kf1) 44... Rd8 $2 {[#]} ({Black should play} 44... Nxh4+ $1 $19 {[%mdl 512]} 45. gxh4 Qf3+ {[%mdl 64] Double Attack} 46. Kg1 Qxf4) 45. Qa5 $2 {[%mdl 8192] [#]} (45. Qd7 $1 $11 {[%mdl 512]} Rg8 (45... Rxd7 46. Rb8+) 46. Rb8 Rxb8 47. Bxb8) 45... Nxh4+ $1 $19 {[%mdl 512]} 46. gxh4 Qf3+ {[%mdl 64] Double Attack} 47. Kh2 Qxf4+ {[%mdl 4160] Endgame Double Attack. KQR-KQR} 48. Kg2 Qg4+ 49. Kh2 Qxh4+ 50. Kg2 f4 51. f3 exf3+ 52. Kxf3 Qg3+ 53. Ke4 Qe3+ 54. Kf5 Rf8+ 55. Kg4 f3 56. Qb4 f2 57. Rb1 Qe2+ 58. Kg3 f1=Q 59. Rxf1 Qxf1 60. c6 Qf2+ 61. Kg4 Qg2+ 62. Kh4 Qf2+ 63. Kg4 Qf5+ {Black mates.} 64. Kg3 h5 65. c7 {[#]} Qg4+ $1 {Accuracy: White = 62%, Black = 62%.} 0-1

[Event "47th GER-ch Blitz 2020"]
[Site "Magdeburg"]
[Date "2020.08.15"]
[Round "24.5"]
[White "Holtel, Jasper"]
[Black "Schoewel, Matthias"]
[Result "1-0"]
[WhiteElo "2305"]
[BlackElo "2218"]
[Annotator "ChessBase"]
[PlyCount "69"]
[EventDate "2020.07.28"]
[EventType "tourn"]
[EventCountry "GER"]
[SourceTitle "playchess.com"]
[Source "ChessBase"]
[SourceQuality "1"]
[TimeControl "180+2"]

1. e4 {[%emt 0:00:00]} e5 {[%emt 0:00:00]} 2. Nf3 {[%emt 0:00:01]} Nc6 {[%emt 0:00:00]} 3. Bc4 {[%emt 0:00:01]} Be7 {[%emt 0:00:00]} 4. O-O {[%emt 0:00:02]} Nf6 {[%emt 0:00:01]} 5. Re1 {[%emt 0:00:03]} O-O {[%emt 0:00:02]} 6. d3 {[%emt 0:00:01]} d6 {[%emt 0:00:02]} 7. a4 {[%emt 0:00:01]} Bg4 {[%emt 0:00:01]} 8. h3 {[%emt 0:00:12]} Be6 {[%emt 0:00:07]} 9. Nbd2 {[%emt 0:00:02]} Qd7 {[%emt 0:00:05]} 10. c3 {[%emt 0:00:03]} Bxc4 {[%emt 0:00:06]} 11. Nxc4 {[%emt 0:00:03]} h6 {[%emt 0:00:02]} 12. a5 {[%emt 0:00:06]} a6 {[%emt 0:00:10]} 13. Qb3 {[%emt 0:00:11]} Rab8 {[%emt 0:00:01]} 14. Ne3 {[%emt 0:00:04]} Kh7 {[%emt 0:00:05]} 15. Nf5 {[%emt 0:00:09]} Bd8 {[%emt 0:00:31]} 16. Qc2 {[%emt 0:00:05]} Ne7 {[%emt 0:00:03]} 17. Nxe7 {[%emt 0:00:08]} Bxe7 {[%emt 0:00:01]} 18. d4 {[%emt 0:00:01]} exd4 {[%emt 0:00:08]} 19. e5+ {[%emt 0:00:06]} g6 {[%emt 0:00:16]} 20. exf6 {[%emt 0:00:02]} Bxf6 {[%emt 0:00:01]} 21. Nxd4 {[%emt 0:00:04]} c5 {[%emt 0:00:05]} 22. Nf3 {[%emt 0:00:05]} d5 {[%emt 0:00:04]} 23. Bf4 {[%emt 0:00:02]} Rbd8 {[%emt 0:00:03]} 24. Rad1 {[%emt 0:00:08]} Qb5 {[%emt 0:00:02]} 25. Be5 {[%emt 0:00:05]} Bxe5 {[%emt 0:00:17]} 26. Rxe5 {[%emt 0:00:02]} Qc6 {[%emt 0:00:03]} 27. Qd3 {[%emt 0:00:15]} d4 {[%emt 0:00:11]} 28. cxd4 {[%emt 0:00:02]} cxd4 {[%emt 0:00:15]} 29. Re4 {[%emt 0:00:10]} Rd5 {[%emt 0:00:06]} 30. Rxd4 {[%emt 0:00:05]} Rxa5 {[%emt 0:00:02]} 31. Rd6 {[%emt 0:00:11]} Qc7 {[%emt 0:00:06]} 32. Rd7 {[%emt 0:00:05]} Qb6 {[%emt 0:00:13]} 33. Qb1 {[%emt 0:00:30]} Rb5 {[%emt 0:00:05]} 34. R1d6 {[%emt 0:00:03]} Qc5 {[%emt 0:00:07]} 35. Qxg6+ {[%emt 0:00:05]} 1-0

[Event "47th GER-ch Blitz 2020"]
[Site "Magdeburg"]
[Date "2020.08.15"]
[Round "24.7"]
[White "Siebrecht, Sebastian"]
[Black "Kopylov, Michael"]
[Result "1-0"]
[WhiteElo "2429"]
[BlackElo "2407"]
[Annotator "TA"]
[PlyCount "101"]
[EventDate "2020.07.28"]
[EventType "tourn"]
[EventCountry "GER"]
[SourceTitle "playchess.com"]
[Source "ChessBase"]
[SourceQuality "1"]

{[%evp 13,101,29,54,-8,-5,-38,33,31,73,66,68,46,46,38,40,29,33,27,61,30,30,12,139,132,166,164,157,153,230,167,182,178,168,138,218,201,250,50,550,545,549,533,677,680,704,615,755,753,760,735,716,710,755,753,753,753,749,729,744,737,734,629,718,714,706,698,29971,29973,29974,29975,29975,29976,29977,29975,29975,29976,29976,29977,29979,29975,29981,29954,29972,29972,29981,29982,29982,29983,29983,29984]} 1. c4 f5 2. Nc3 Nf6 3. g3 g6 4. Bg2 Bg7 5. d4 O-O 6. Nh3 e6 7. O-O d6 8. e4 {A86: Dutch Defence: Leningrad System: Unusual lines and 5 Nh3.} (8. b3 $14) 8... fxe4 $11 9. d5 e5 ({Black should try} 9... exd5 $15 10. cxd5 Na6) 10. Ng5 $14 {[#] White is slightly better.} Na6 $146 ({Predecessor:} 10... Bg4 11. Qe1 c6 12. Ncxe4 cxd5 13. Nxf6+ Bxf6 14. Bxd5+ Kg7 15. Bxb7 Bxg5 16. Bxg5 Qxg5 17. Bxa8 {1-0 (31) Rist,K (1211)-Talberg,K (1350) Alta 2004}) 11. Ncxe4 Bf5 12. Ne6 Bxe6 $1 13. dxe6 {[#] aiming for e7!} Nxe4 14. Bxe4 c6 15. Be3 Nc7 16. h4 Nxe6 17. h5 Nd4 (17... g5 $11 {remains equal.}) 18. hxg6 $16 hxg6 19. Bxg6 {Qh5 is the strong threat.} Nf3+ 20. Kg2 d5 (20... Qe7 $16 21. Be4 Ng5) 21. cxd5 Qxd5 22. Qxd5+ cxd5 23. Rad1 Rad8 (23... Nd4 $16 24. f4 Nc6) 24. Rh1 {Threatens to win with Bh7+.} e4 25. Bc1 $2 (25. Bxa7 $18 {Black must now prevent Bb6.} Ra8 26. Bc5 (26. Rxd5 Rxa7 27. Bxe4 Ne5 $16)) 25... Rf6 $2 {[%mdl 8192] [#] Black cannot hold the game after this.} (25... Ne5 $14 26. Bh7+ Kf7) 26. Bxe4 $1 $18 {[%mdl 512]} dxe4 27. Rxd8+ Kf7 28. Rd7+ {[%mdl 64] Double Attack} Kg6 29. Be3 a6 30. Rxb7 Rc6 31. Rb6 Rxb6 32. Bxb6 Bxb2 {[%mdl 4096] Endgame KRB-KBN} 33. Rd1 Kf5 34. Rd5+ Ke6 35. Rd8 Ne1+ 36. Kf1 Nd3 37. Be3 Nb4 38. Ra8 Kd5 39. Bd2 Nxa2 40. Rxa6 {White mates.} Nc3 41. Bxc3 Bxc3 {KR-KB} 42. Ke2 Bd4 43. Ra8 Ke5 44. Ra5+ Kf6 45. Ra4 Ke5 46. g4 Bb6 47. Rb4 Ba7 48. Rb5+ Kf4 49. g5 Bd4 50. g6 Kg4 51. Rb7 {Accuracy: White = 78%, Black = 52%.} 1-0

[Event "47th GER-ch Blitz 2020"]
[Site "Magdeburg"]
[Date "2020.08.15"]
[Round "24.8"]
[White "Braun, Georg"]
[Black "Hess, Max"]
[Result "1-0"]
[WhiteElo "2360"]
[BlackElo "2378"]
[Annotator "ChessBase"]
[PlyCount "123"]
[EventDate "2020.07.28"]
[EventType "tourn"]
[EventCountry "GER"]
[SourceTitle "playchess.com"]
[Source "ChessBase"]
[SourceQuality "1"]
[TimeControl "180+2"]

1. e4 {[%emt 0:00:00]} c5 {[%emt 0:00:00]} 2. Nf3 {[%emt 0:00:01]} e6 {[%emt 0:00:00]} 3. d4 {[%emt 0:00:01]} cxd4 {[%emt 0:00:00]} 4. Nxd4 {[%emt 0:00:02]} Nc6 {[%emt 0:00:01]} 5. Nc3 {[%emt 0:00:01]} Qc7 {[%emt 0:00:01]} 6. g3 {[%emt 0:00:01]} a6 {[%emt 0:00:02]} 7. Bg2 {[%emt 0:00:01]} Nf6 {[%emt 0:00:01]} 8. O-O {[%emt 0:00:02]} Nxd4 {[%emt 0:00:01]} 9. Qxd4 {[%emt 0:00:01]} Bc5 {[%emt 0:00:02]} 10. Bf4 {[%emt 0:00:01]} d6 {[%emt 0:00:01]} 11. Qd2 {[%emt 0:00:01]} h6 {[%emt 0:00:02]} 12. Rad1 {[%emt 0:00:02]} e5 {[%emt 0:00:01]} 13. Be3 {[%emt 0:00:01]} Be6 {[%emt 0:00:02]} 14. Bxc5 {[%emt 0:00:04]} dxc5 {[%emt 0:00:01]} 15. Nd5 {[%emt 0:00:03]} Bxd5 {[%emt 0:00:01]} 16. exd5 {[%emt 0:00:01]} Qd6 {[%emt 0:00:01]} 17. b3 {[%emt 0:00:03]} O-O {[%emt 0:00:06]} 18. Rfe1 {[%emt 0:00:01]} b5 {[%emt 0:00:07]} 19. c4 {[%emt 0:00:06]} Rab8 {[%emt 0:00:20]} 20. Qc3 {[%emt 0:00:03]} Rfe8 {[%emt 0:00:08]} 21. Re2 {[%emt 0:00:01]} b4 {[%emt 0:00:19]} 22. Qb2 {[%emt 0:00:07]} Re7 {[%emt 0:00:12]} 23. Rde1 {[%emt 0:00:02]} Rbe8 {[%emt 0:00:01]} 24. a4 {[%emt 0:00:02]} a5 {[%emt 0:00:05]} 25. h3 {[%emt 0:00:01]} e4 {[%emt 0:00:03]} 26. Qc2 {[%emt 0:00:09]} Qe5 {[%emt 0:00:17]} 27. Kh2 {[%emt 0:00:18]} Qd4 {[%emt 0:00:06]} 28. Re3 {[%emt 0:00:11]} h5 {[%emt 0:00:02]} 29. f3 {[%emt 0:00:13]} h4 {[%emt 0:00:04]} 30. g4 {[%emt 0:00:37]} Qe5+ {[%emt 0:00:41]} 31. Kh1 {[%emt 0:00:16]} Qf4 {[%emt 0:00:02]} 32. fxe4 {[%emt 0:00:04]} Nd7 {[%emt 0:00:02]} 33. Rf3 {[%emt 0:00:09]} Qh6 {[%emt 0:00:10]} 34. Rf5 {[%emt 0:00:13]} g6 {[%emt 0:00:04]} 35. Rff1 {[%emt 0:00:07]} Ne5 {[%emt 0:00:01]} 36. Qc1 {[%emt 0:00:17]} Qg7 {[%emt 0:00:07]} 37. Qe3 {[%emt 0:00:02]} Rc8 {[%emt 0:00:03]} 38. Rd1 {[%emt 0:00:04]} Rd7 {[%emt 0:00:11]} 39. Qf4 {[%emt 0:00:04]} Rd6 {[%emt 0:00:03]} 40. Rf2 {[%emt 0:00:02]} Rb8 {[%emt 0:00:04]} 41. Kg1 {[%emt 0:00:01]} Rbb6 {[%emt 0:00:01]} 42. Qg5 {[%emt 0:00:06]} Ra6 {[%emt 0:00:17]} 43. Qxh4 {[%emt 0:00:05]} Rf6 {[%emt 0:00:02]} 44. Rxf6 {[%emt 0:00:07]} Rxf6 {[%emt 0:00:01]} 45. d6 {[%emt 0:00:05]} g5 {[%emt 0:00:09]} 46. Qg3 {[%emt 0:00:07]} Nd7 {[%emt 0:00:05]} 47. Qe3 {[%emt 0:00:05]} Rf4 {[%emt 0:00:12]} 48. Rd5 {[%emt 0:00:03]} Qa1+ {[%emt 0:00:02]} 49. Kh2 {[%emt 0:00:01]} f6 {[%emt 0:00:03]} 50. Rd2 {[%emt 0:00:05]} Qb1 {[%emt 0:00:01]} 51. Kg3 {[%emt 0:00:03]} Kf7 {[%emt 0:00:02]} 52. h4 {[%emt 0:00:01]} Ke6 {[%emt 0:00:01]} 53. h5 {[%emt 0:00:03]} Qc1 {[%emt 0:00:08]} 54. Rd3 {[%emt 0:00:07]} Qc2 {[%emt 0:00:03]} 55. Qd2 {[%emt 0:00:02]} Qb1 {[%emt 0:00:05]} 56. Qd1 {[%emt 0:00:02]} Qb2 {[%emt 0:00:01]} 57. Qd2 {[%emt 0:00:02]} Qb1 {[%emt 0:00:01]} 58. Qd1 {[%emt 0:00:04]} Qb2 {[%emt 0:00:01]} 59. Rf3 {[%emt 0:00:02]} Qe5 {[%emt 0:00:04]} 60. Qd5+ {[%emt 0:00:01]} Qxd5 {[%emt 0:00:03]} 61. exd5+ {[%emt 0:00:02]} Kxd6 {[%emt 0:00:01]} 62. Rxf4 {[%emt 0:00:01]} 1-0

[Event "47th GER-ch Blitz 2020"]
[Site "Magdeburg"]
[Date "2020.08.15"]
[Round "24.9"]
[White "Ehmann, Thilo"]
[Black "Siebarth, Raiko"]
[Result "1-0"]
[WhiteElo "2329"]
[BlackElo "2333"]
[Annotator "ChessBase"]
[PlyCount "197"]
[EventDate "2020.07.28"]
[EventType "tourn"]
[EventCountry "GER"]
[SourceTitle "playchess.com"]
[Source "ChessBase"]
[SourceQuality "1"]
[TimeControl "180+2"]

1. e4 {[%emt 0:00:00]} c5 {[%emt 0:00:00]} 2. Nf3 {[%emt 0:00:00]} d6 {[%emt 0:00:00]} 3. d4 {[%emt 0:00:00]} cxd4 4. Nxd4 Nf6 {[%emt 0:00:00]} 5. Nc3 a6 6. f3 {[%emt 0:00:03]} e5 {[%emt 0:00:01]} 7. Nb3 {[%emt 0:00:01]} Be6 {[%emt 0:00:01]} 8. Be3 {[%emt 0:00:01]} Be7 {[%emt 0:00:00]} 9. Qd2 {[%emt 0:00:02]} O-O {[%emt 0:00:01]} 10. O-O-O {[%emt 0:00:03]} Qc7 {[%emt 0:00:00]} 11. g4 {[%emt 0:00:03]} Nbd7 {[%emt 0:00:01]} 12. Kb1 {[%emt 0:00:07]} Rfc8 {[%emt 0:00:01]} 13. g5 {[%emt 0:00:12]} Nh5 {[%emt 0:00:01]} 14. Ne2 {[%emt 0:00:03]} a5 {[%emt 0:00:04]} 15. a4 {[%emt 0:00:13]} Nb6 {[%emt 0:00:10]} 16. Nc3 {[%emt 0:00:04]} Nc4 {[%emt 0:00:12]} 17. Bxc4 {[%emt 0:00:02]} Qxc4 {[%emt 0:00:01]} 18. Qd3 {[%emt 0:00:19]} Qb4 {[%emt 0:00:22]} 19. Qb5 {[%emt 0:00:17]} Rc4 {[%emt 0:00:12]} 20. Nd5 {[%emt 0:00:20]} Bxd5 {[%emt 0:00:03]} 21. Rxd5 {[%emt 0:00:01]} Qxb5 {[%emt 0:00:55]} 22. axb5 {[%emt 0:00:11]} a4 {[%emt 0:00:02]} 23. Nd2 {[%emt 0:00:01]} Rc7 {[%emt 0:00:02]} 24. Rd1 {[%emt 0:00:25]} a3 {[%emt 0:00:03]} 25. b3 {[%emt 0:00:07]} a2+ {[%emt 0:00:01]} 26. Kb2 {[%emt 0:00:01]} a1=Q+ {[%emt 0:00:04]} 27. Rxa1 {[%emt 0:00:01]} Rxa1 {[%emt 0:00:01]} 28. Kxa1 {[%emt 0:00:01]} Rxc2 {[%emt 0:00:00]} 29. Nc4 {[%emt 0:00:04]} Re2 {[%emt 0:00:28]} 30. Bc1 {[%emt 0:00:13]} Re1 {[%emt 0:00:05]} 31. Kb2 {[%emt 0:00:01]} Re2+ {[%emt 0:00:00]} 32. Kc3 {[%emt 0:00:02]} g6 {[%emt 0:00:14]} 33. Na5 {[%emt 0:00:06]} b6 {[%emt 0:00:05]} 34. Nc4 {[%emt 0:00:01]} Rxh2 {[%emt 0:00:04]} 35. Nxb6 {[%emt 0:00:02]} Ng3 {[%emt 0:00:04]} 36. Be3 {[%emt 0:00:14]} Nf1 {[%emt 0:00:01]} 37. Bc1 {[%emt 0:00:10]} Ng3 {[%emt 0:00:00]} 38. Kb4 {[%emt 0:00:02]} Rc2 {[%emt 0:00:06]} 39. Be3 {[%emt 0:00:04]} Nf1 {[%emt 0:00:01]} 40. Nc4 {[%emt 0:00:03]} Rxc4+ {[%emt 0:00:01]} 41. bxc4 {[%emt 0:00:02]} Nxe3 {[%emt 0:00:01]} 42. Rd3 {[%emt 0:00:02]} Nc2+ {[%emt 0:00:02]} 43. Kc3 {[%emt 0:00:02]} Nd4 {[%emt 0:00:01]} 44. Rd1 {[%emt 0:00:03]} Bxg5 {[%emt 0:00:04]} 45. b6 {[%emt 0:00:04]} Bd8 {[%emt 0:00:01]} 46. b7 {[%emt 0:00:00]} Bc7 {[%emt 0:00:01]} 47. Ra1 {[%emt 0:00:03]} Nc6 {[%emt 0:00:01]} 48. Ra8+ {[%emt 0:00:02]} Nb8 {[%emt 0:00:01]} 49. c5 {[%emt 0:00:08]} dxc5 {[%emt 0:00:01]} 50. Kc4 {[%emt 0:00:09]} h5 {[%emt 0:00:00]} 51. Ra1 {[%emt 0:00:01]} g5 {[%emt 0:00:02]} 52. Kxc5 {[%emt 0:00:02]} h4 {[%emt 0:00:01]} 53. Kd5 {[%emt 0:00:02]} Kg7 {[%emt 0:00:06]} 54. Rc1 {[%emt 0:00:01]} Ba5 {[%emt 0:00:05]} 55. Rc8 {[%emt 0:00:07]} Nd7 56. b8=Q {[%emt 0:00:03]} Nxb8 {[%emt 0:00:02]} 57. Rxb8 {[%emt 0:00:01]} h3 {[%emt 0:00:02]} 58. Rb1 {[%emt 0:00:03]} Bd2 {[%emt 0:00:11]} 59. Rh1 {[%emt 0:00:02]} Bf4 {[%emt 0:00:01]} 60. Rxh3 Kg6 {[%emt 0:00:01]} 61. Rh1 {[%emt 0:00:04]} Kg7 {[%emt 0:00:01]} 62. Kc4 {[%emt 0:00:04]} Kg6 {[%emt 0:00:01]} 63. Kd3 {[%emt 0:00:00]} Kg7 {[%emt 0:00:00]} 64. Ke2 Kg6 65. Kf2 {[%emt 0:00:02]} Kg7 66. Kg2 Kg6 {[%emt 0:00:03]} 67. Kh3 f5 68. Rd1 {[%emt 0:00:04]} g4+ {[%emt 0:00:01]} 69. fxg4 {[%emt 0:00:01]} fxe4 {[%emt 0:00:00]} 70. Re1 {[%emt 0:00:04]} e3 {[%emt 0:00:01]} 71. Kg2 {[%emt 0:00:01]} e4 {[%emt 0:00:05]} 72. Rg1 {[%emt 0:00:07]} Kg5 {[%emt 0:00:01]} 73. Kf1 {[%emt 0:00:01]} Bh2 {[%emt 0:00:04]} 74. Rg2 {[%emt 0:00:01]} Bc7 {[%emt 0:00:03]} 75. Ke2 {[%emt 0:00:00]} Bb6 {[%emt 0:00:01]} 76. Rg1 {[%emt 0:00:01]} Bd4 {[%emt 0:00:02]} 77. Rd1 {[%emt 0:00:05]} Ba7 {[%emt 0:00:01]} 78. Rd7 {[%emt 0:00:02]} Bb6 {[%emt 0:00:02]} 79. Rg7+ {[%emt 0:00:01]} Kf6 {[%emt 0:00:01]} 80. Rg8 {[%emt 0:00:01]} Kf7 {[%emt 0:00:01]} 81. Rb8 {[%emt 0:00:02]} Bc5 {[%emt 0:00:01]} 82. Rc8 {[%emt 0:00:01]} Bd4 {[%emt 0:00:01]} 83. Rc4 {[%emt 0:00:01]} Ba7 {[%emt 0:00:01]} 84. Rxe4 Kg6 85. Kf3 {[%emt 0:00:02]} Kg5 {[%emt 0:00:03]} 86. Re5+ {[%emt 0:00:02]} Kf6 {[%emt 0:00:01]} 87. Rf5+ {[%emt 0:00:01]} Kg6 {[%emt 0:00:00]} 88. Ra5 {[%emt 0:00:03]} Bd4 {[%emt 0:00:01]} 89. Ra4 {[%emt 0:00:01]} Bc5 {[%emt 0:00:02]} 90. Ra2 {[%emt 0:00:02]} Bd4 {[%emt 0:00:03]} 91. Kf4 {[%emt 0:00:03]} Bc5 {[%emt 0:00:04]} 92. Ra6+ {[%emt 0:00:02]} Kg7 {[%emt 0:00:01]} 93. Re6 {[%emt 0:00:02]} Kf7 {[%emt 0:00:04]} 94. Kf5 {[%emt 0:00:00]} Bd4 {[%emt 0:00:02]} 95. g5 {[%emt 0:00:05]} Kf8 {[%emt 0:00:00]} 96. Re4 {[%emt 0:00:06]} Bc5 {[%emt 0:00:02]} 97. Kf6 {[%emt 0:00:02]} Bb6 {[%emt 0:00:02]} 98. Kg6 {[%emt 0:00:02]} Bd8 {[%emt 0:00:13]} 99. Rxe3 {[%emt 0:00:03]} 1-0

[Event "47th GER-ch Blitz 2020"]
[Site "Magdeburg"]
[Date "2020.08.15"]
[Round "24.10"]
[White "Baskin, Robert"]
[Black "Schneider, Ilja"]
[Result "0-1"]
[WhiteElo "2390"]
[BlackElo "2479"]
[Annotator "TA"]
[PlyCount "114"]
[EventDate "2020.07.28"]
[EventType "tourn"]
[EventCountry "GER"]
[SourceTitle "playchess.com"]
[Source "ChessBase"]
[SourceQuality "1"]

{[%evp 14,114,35,29,59,21,16,22,25,33,36,42,58,45,71,29,26,33,30,22,48,47,58,45,75,62,66,62,77,45,45,41,83,13,16,-48,-48,-48,-48,-41,-51,-70,-63,-68,-60,-81,-88,-82,-31,-175,-167,-191,-191,-220,-220,-235,-235,-218,-162,-145,-133,-330,-235,-383,-372,-371,-353,-368,-341,-769,-742,-721,-641,-502,-343,-628,-608,-597,-554,-660,-283,-12843,-12844,-12845,-12845,-12847,-12847,-12849,-12848,-12849,-12849,-12850,-12848,-12850,-12847,-12848,-12847,-12848,-12848,-12849,-12849,-12850,-12850]} 1. e4 d6 2. d4 Nf6 3. Nc3 e5 4. Nf3 exd4 5. Nxd4 Be7 6. g3 Nc6 7. Bg2 O-O 8. O-O Bg4 {C41: Philidor Defence.} 9. Qd2 Nxd4 10. Qxd4 Qd7 {[#] The position is equal.} 11. b3 $146 ({Predecessor:} 11. Bf4 a6 12. Rfe1 Rfe8 13. e5 {½-½ (13) Bergauz,N (2147)-Lorscheid,G (2252) Ditzingen 2014}) 11... Bh3 12. Bb2 Rfe8 13. Rad1 Bf8 14. Nd5 (14. Rfe1 {feels hotter.} c6 15. e5 Bxg2 16. Kxg2 c5 17. Qa4) 14... Nxd5 15. Qxd5 Bxg2 16. Kxg2 Qc6 17. Qxc6 bxc6 18. Rfe1 Re6 19. f4 Rae8 20. Kf3 g6 21. Re3 c5 22. Rdd3 h5 23. e5 (23. f5 $16 gxf5 24. exf5 Rxe3+ 25. Rxe3 Rxe3+ 26. Kxe3) 23... Bg7 $11 24. exd6 ({White should try} 24. c4 $11) 24... Bxb2 $15 25. Rxe6 fxe6 26. dxc7 $11 {[%mdl 4096] Endgame KRB-KR} Bf6 27. Rd7 Rc8 28. Ke4 Kf8 29. h3 Ke8 30. Rh7 Be7 (30... Bc3 $17) 31. Ke5 {[#]} ({Better is} 31. Rh8+ $15 Kd7 32. Rxc8 Kxc8 33. Ke5) 31... Kd7 $1 $19 32. Rg7 Rxc7 33. Rxg6 {[#]} c4 $1 34. Rh6 cxb3 35. cxb3 Rc5+ 36. Ke4 Rc3 {aiming for ...Bc5.} 37. g4 $2 {Loses the game.} (37. Rxh5 $17 Rxg3 38. Ra5) 37... h4 ({Less strong is} 37... Rxh3 38. Rxh5 Rxh5 39. gxh5 $19) 38. g5 (38. f5 {is the only way for White.} exf5+ 39. gxf5) 38... Rxh3 39. Rh7 Kd6 40. Rh6 Rh2 41. f5 $2 (41. Rh8) 41... Bxg5 42. Rxe6+ Kd7 43. Rg6 Bd8 44. a4 $2 (44. Rg7+ Kd6 45. Rxa7) 44... Rb2 45. Rg7+ Kd6 46. Rxa7 Rxb3 (46... h3 $142 47. Ra6+ Ke7) 47. Rh7 $2 (47. Ra6+ Kc5 48. f6) 47... Rb4+ {[%mdl 64] Double Attack. Black is clearly winning.} 48. Kf3 Rxa4 49. Kg2 Bf6 50. Rb7 Ke5 51. Rb5+ Kf4 52. Rd5 Kg4 53. Rd2 Re4 54. Rf2 Be5 {( -> ...Re1)} 55. f6 h3+ 56. Kf1 h2 {[%cal Rh2h1]} 57. Kg2 Re1 {Accuracy: White = 50%, Black = 71%.} 0-1